Central Library OPAC University of Rajshahi

Biostatistical analysis / (Record no. 79872)

MARC details
000 -LEADER
fixed length control field 01054nam a2200265 a 4500
001 - CONTROL NUMBER
control field 79872
003 - CONTROL NUMBER IDENTIFIER
rucl marc code BD-RjUL
005 - DATE AND TIME OF LATEST TRANSACTION
control field 20220529170654.0
008 - FIXED-LENGTH DATA ELEMENTS--GENERAL INFORMATION
fixed length control field 220529r20192014ii o 000 0 eng d
020 ## - INTERNATIONAL STANDARD BOOK NUMBER
International Standard Book Number 9789332536678
035 ## - SYSTEM CONTROL NUMBER
System control number (BD-RjUL)79872
040 ## - CATALOGING SOURCE
Original cataloging agency YDX
Language of cataloging eng
Transcribing agency YDX
Modifying agency OCLCO
-- OCLCQ
-- N$T
-- OCLCF
-- BD-RjUL
041 ## - LANGUAGE CODE
Language code of text/sound track or separate title eng
082 04 - DEWEY DECIMAL CLASSIFICATION NUMBER
Edition number 23
Classification number 570.15195
Author mark and year ZAB 2019
100 1# - MAIN ENTRY--PERSONAL NAME
Personal name Zar, Jerrold H.,
Dates associated with a name 1941-
9 (RLIN) 3260
245 10 - TITLE STATEMENT
Title Biostatistical analysis /
Statement of responsibility, etc. Jerrold H. Zar
250 ## - EDITION STATEMENT
Edition statement 5th ed.,
260 ## - PUBLICATION, DISTRIBUTION, ETC. (IMPRINT)
Place of publication, distribution, etc. Noida :
Name of publisher, distributor, etc. Pearson India,
Date of publication, distribution, etc. ©2014, [Impression 2019]
300 ## - PHYSICAL DESCRIPTION
Pagination 756 pages;
Size 24 cm
500 ## - GENERAL NOTE
General note Academic
506 1# - RESTRICTIONS ON ACCESS NOTE
Terms governing access Legal Deposit;
Physical access provisions Only available on premises controlled by the deposit library and to one user at any one time;
Authorization The Legal Deposit Libraries (Non-Print Works) Regulations (UK).
Institution to which field applies UkOxU
540 ## - TERMS GOVERNING USE AND REPRODUCTION NOTE
Terms governing use and reproduction Restricted: Printing from this resource is governed by The Legal Deposit Libraries (Non-Print Works) Regulations (UK) and UK copyright law currently in force.
Institution to which field applies UkOxU
650 #0 - SUBJECT ADDED ENTRY--TOPICAL TERM
Topical term or geographic name as entry element Biometry
9 (RLIN) 3261
942 ## - ADDED ENTRY ELEMENTS (KOHA)
Source of classification or shelving scheme Dewey Decimal Classification
Koha item type Books
Holdings
Lost status Source of classification or shelving scheme Damaged status Not for loan Collection code Permanent Location Current Location Shelving location Date acquired Source of acquisition Cost, normal purchase price Total Checkouts Full call number Date last seen Copy number Koha item type
  Dewey Decimal Classification   Not For Loan Non-fiction Central Library, University of Rajshahi Central Library, University of Rajshahi Reading Room 26/04/2022 Dhaka : Paragon Enter. 1035.00   570.15195 ZAB 2019 29/05/2022 C-1 Books
  Dewey Decimal Classification     Non-fiction Central Library, University of Rajshahi Central Library, University of Rajshahi General Stacks 26/04/2022 Dhaka : Paragon Enter. 1035.00   570.15195 ZAB 2019 29/05/2022 C-2 Books
  Dewey Decimal Classification     Non-fiction Central Library, University of Rajshahi Central Library, University of Rajshahi General Stacks 26/04/2022 Dhaka : Paragon Enter. 1035.00   570.15195 ZAB 2019 29/05/2022 C-3 Books
  Dewey Decimal Classification     Non-fiction Central Library, University of Rajshahi Central Library, University of Rajshahi General Stacks 26/04/2022 Dhaka : Paragon Enter. 1035.00   570.15195 ZAB 2019 29/05/2022 C-4 Books
  Dewey Decimal Classification     Non-fiction Central Library, University of Rajshahi Central Library, University of Rajshahi General Stacks 26/04/2022 Dhaka : Paragon Enter. 1035.00   570.15195 ZAB 2019 29/05/2022 C-5 Books